000 00692cam a2200289ua 4500
041 _aeng
_h
082 _a604.2
_bBHA/EL
100 _aBhatt, N D.
245 _aElementary engineering drawing /
_cN D Bhatt.
_hTextual Documents
250 _a24 /
_b.
260 _aAnand :
_bCharotar publishing house ,
_c1985.
300 _a490 ; .
504 _a
650 _aEngineering drawing
942 _cBK
999 _c217
_d217